000 00771nas a2200265 4500
001 BR0104468
003 BR-BrBNA
005 20231205102549.0
007 ta
008 230509b bl.|||p| |||| 00| 00por d
040 _aBR-BrBNA
_bpor
_cBiblioteca Nacional de Agricultura
041 _a(Pt)
072 _aF02
100 1 _aTeixeira, J.B.
100 1 _aCruz, A.R.R.
100 1 _aFerreira, F.R.
100 1 _aCabral, J.R.S.
245 1 _aBiotecnologia aplicada a producao de mudas
650 _aAbacaxi
650 _aMicropropagacao
650 _aBiotecnologia
773 0 _tBiotecnologia Ciencia e Desenvolvimento (Brazil)
_xISSN 1414-4522
_g(Mar-Apr 2001), v. 3(19) p. 42-47
_wBR0104468
909 _a202311
_bLúcia
_c55
_dLúcia Elande
942 _2AGRIS
_n0
_cANA
999 _c168182
_d168182